| 000 | 00716nam a22002057a 4500 | ||
|---|---|---|---|
| 999 |
_c2750 _d2750 |
||
| 003 | AR-CdUCM | ||
| 008 | 190305b ||||| |||| 00| 0 spa d | ||
| 040 |
_aMUNICIPALIDAD PROVINCIAL DEL CUSCO _cBIBLIOTECA MUNICIPAL DEL CUSCO |
||
| 082 |
_22ed. _a370.4 / _bB268 |
||
| 100 |
_aBarrantes, Emilio, _93583 |
||
| 245 | _aComunidad, educación y reforma / | ||
| 260 |
_aLima : _bINIDE. _c1976. |
||
| 300 |
_a145 paginas ; _c17 cm. |
||
| 505 | _aComunidad y educación -- La realidad nacional y la educación -- Educación y reforma -- El educador y la educación. | ||
| 650 |
_aLa educación _99598 |
||
| 650 |
_aReforma educativa _94128 |
||
| 650 |
_aRealidad nacional _92737 |
||
| 942 |
_2ddc _cLIBROS |
||
| 945 | _awnts | ||